| 000 | 00449nam a22001817a 4500 | ||
|---|---|---|---|
| 005 | 20180711111300.0 | ||
| 008 | 160525b xxu||||| |||| 00| 0 eng d | ||
| 020 | _a81-203-1055-1 | ||
| 041 | _aeng | ||
| 082 |
_b4852 _a658.15 |
||
| 100 |
_aChadwick, Leslie _91215 |
||
| 245 | _aThe Essence of Fiancial Accounting | ||
| 250 | _a2nd ed, | ||
| 260 |
_aNew Delhi _bAcademic Faundation |
||
| 300 | _a200p, | ||
| 650 |
_aManagement _9241 |
||
| 942 | _cBK | ||
| 999 |
_c1680 _d1679 |
||